2024 Disc Golf Pro Tour MPO Winners - Statistics

General Stats
  • This quiz has been taken 43 times
  • The average score is 23 of 33
Answer Stats
Event Nationality Manufacturer Champion % Correct
WACO DGPT+ USA Discmania Gannon Buhr
97%
Portland Open DGPT+ USA Discmania Gannon Buhr
97%
Beaver State Fling DGPT USA Discmania Gannon Buhr
97%
European Open Major USA Discmania Gannon Buhr
97%
Ledgestone Open DGPT+ USA Discmania Gannon Buhr
97%
Great Lakes Open DGPT+ USA Discmania Gannon Buhr
97%
Green Mountain Championship DGPT Playoffs USA Discmania Gannon Buhr
97%
United States Disc Golf Championship Major USA Discmania Gannon Buhr
97%
DGPT Championship DGPT-C USA Discmania Gannon Buhr
97%
Chess.com Invitational DGPT USA Discraft Anthony Barela
89%
Texas State Disc Golf Championships DGPT USA Discraft Anthony Barela
89%
Jonesboro Open DGPT USA Discraft Anthony Barela
89%
Des Moines Challenge DGPT USA Discraft Anthony Barela
89%
Dynamic Discs Open DGPT USA Innova Calvin Heimburg
89%
OTB Open DGPT USA Innova Calvin Heimburg
89%
The Preserve Championship DGPT USA Dynamic Discs Ricky Wysocki
89%
Krokhol Open DGPT USA Dynamic Discs Ricky Wysocki
89%
European Disc Golf Festival DGPT USA Dynamic Discs Ricky Wysocki
89%
PDGA Professional Disc Golf World Championships Major USA Prodigy Isaac Robinson
86%
Music City Open DGPT Germany MVP Simon Lizotte
84%
The Open at Austin DGPT Finland Discmania Niklas Anttila
81%
Turku Open DGPT Finland Discmania Niklas Anttila
81%
PDGA Champions Cup Major USA Discraft Andrew Presnell
46%
Swedish Open DGPT USA Infinite Discs James Proctor
46%
MVP Open DGPT Playoffs USA Infinite Discs James Proctor
46%
LWS Open at Idlewild DGPT USA Kastaplast Joseph Anderson
46%
Heinola Open DGPT-Silver Czech Republic Latitude 64 Jakub Semerád
35%
Copenhagen Open DGPT Finland Kastaplast Jesse Nieminen
35%
Järva Open DGPT-Silver Finland Innova Joona Heinänen
22%
Ale Open DGPT-Silver Finland Daniel Davidsson
11%
Belgian Open DGPT-Silver Finland Latitude 64 Teemu Lampainen
11%
Norway Open DGPT-Silver USA Kastaplast Clay Edwards
8%
Baltic Disc Golf Championships DGPT-Silver Finland Eetu Tuominen
8%
No matching quizzes found
Score Distribution
Percent of People with Each Score
Percentile by Number Answered
Your Score History
You have not taken this quiz